[Event "Swiss Queens Wed #1"]
[Site "FIDE Online Arena INT"]
[Date "2024.01.31"]
[Round "5"]
[White "Devanshi, Rathi"]
[Black "Dakshikaa, SM."]
[Result "0-1"]
[WhiteElo "1559"]
[BlackElo "1310"]
[PlyCount "74"]
[EventDate "2024.01.31"]
[EventType "swiss (blitz)"]
[EventRounds "11"]
[EventCountry "NET"]
[SourceTitle "CB06_2024"]
[SourceDate "2024.02.07"]
[SourceVersion "1"]
[SourceVersionDate "2024.02.07"]
[SourceQuality "1"]

1. e4 e5 2. Nf3 Nc6 3. d4 exd4 4. Nxd4 Bc5 5. Be3 Qf6 6. c3 Qg6 7. f3 Nge7 8. Bc4 0-0 9. g3 d6 10. b4 Bb6 11. a4 a6 12. Na3 Ne5 13. Be2 Bh3 14. a5 Ba7 15. Qd2 Bxd4 16. cxd4 Bg2 17. Rg1 Nxf3+ 18. Bxf3 Bxf3 19. e5 dxe5 20. dxe5 Rad8 21. Qf2 Qe4 22. Nc2 Nd5 23. Rc1 Nxb4 24. Nxb4 Qxb4+ 25. Kf1 Qb5+ 26. Ke1 Qxa5+ 27. Kf1 Qb5+ 28. Ke1 Bd5 29. Bc5 Rfe8 30. Bd4 Bc4 31. Kd2 Rxe5 32. Rb1 Qd5 33. Kc3 Re4 34. Rgd1 Qa5+ 35. Kc2 Qa2+ 36. Bb2 Qb3+ 37. Kc1 Rxd1# 0-1

[Event "Asia-ch Amateur (Women)"]
[Site "Muscat"]
[Date "2022.10.04"]
[Round "8"]
[White "Dakshikaa, SM."]
[Black "Al Khulaifi, Ghada"]
[Result "0-1"]
[WhiteElo "1117"]
[BlackElo "1620"]
[PlyCount "130"]
[EventDate "2022.09.29"]
[EventType "swiss"]
[EventRounds "9"]
[EventCountry "OMN"]
[SourceTitle "CBM 210 Extra"]
[Source "ChessBase"]
[SourceDate "2022.11.30"]
[SourceVersion "1"]
[SourceVersionDate "2022.11.30"]
[SourceQuality "1"]

1. e4 e5 2. Nf3 Nc6 3. Bc4 Bc5 4. c3 Nf6 5. d4 exd4 6. e5 d5 7. Bb5 Ne4 8. cxd4 Bb6 9. Nc3 0-0 10. Be3 Bg4 11. h3 Bh5 12. Qc2 Bg6 13. Qb3 Ba5 14. 0-0 Bxc3 15. bxc3 Ne7 16. Be2 Rb8 17. Nh4 f5 18. Bf4 Bf7 19. f3 g5 20. fxe4 dxe4 21. e6 gxf4 22. exf7+ Kh8 23. Qe6 Qd6 24. Bc4 b5 25. Qxd6 cxd6 26. Be6 d5 27. Rxf4 Rb6 28. Bxf5 Rxf7 29. Rb1 Ng6 30. Nxg6+ hxg6 31. Rh4+ Kg7 32. Bg4 Rc7 33. Rb3 a5 34. a4 b4 35. cxb4 Rxb4 36. Rxb4 axb4 37. Be6 b3 38. Bxd5 b2 39. Bxe4 Re7 40. Bd3 Re3 41. Re4 Rxd3 42. Re1 Rc3 43. Re7+ Kf6 44. Rb7 Rc1+ 45. Kf2 b1Q 46. Rxb1 Rxb1 47. Ke3 Ra1 48. Ke4 Rxa4 49. h4 Ke6 50. g4 Ra5 51. g5 Rd5 52. Ke3 Kf5 53. Kf3 Rxd4 54. Kg3 Rd3+ 55. Kh2 Kg4 56. Kg2 Kxh4 57. Kh2 Rd2+ 58. Kg1 Kxg5 59. Kf1 Kf4 60. Ke1 Ke3 61. Kf1 Re2 62. Kg1 Rf2 63. Kh1 Kf3 64. Kg1 Kg3 65. Kh1 Rf1# 0-1